Soccer Players by Letter - B - Statistics

General Stats
  • This quiz has been taken 707 times
  • The average score is 10 of 12
Answer Stats
Picture Answer % Correct
Gareth Bale
99%
Karim Benzema
99%
David Beckham
97%
Gianluigi Buffon
95%
Sergio Busquets
91%
Franz Beckenbauer
87%
Dennis Bergkamp
83%
Roberto Baggio
83%
Michael Ballack
73%
George Best
70%
Franco Baresi
54%
Laurent Blanc
42%
No matching quizzes found
Score Distribution
Percent of People with Each Score
Percentile by Number Answered
Your Score History
You have not taken this quiz